ՀՀ Գիտությունների ազգային ակադեմիայի հիմնարար գիտական գրադարան  =   Fundamental Scientific Library of NAS RA
Normal view MARC view

Entry Personal Name

Number of records used in: 8

001 - CONTROL NUMBER

  • control field: 6821

003 - CONTROL NUMBER IDENTIFIER

  • control field: AM-YEHGA

005 - DATE AND TIME OF LATEST TRANSACTION

  • control field: 20250617070510.0

008 - FIXED-LENGTH DATA ELEMENTS

  • fixed length control field: 150806|| aca||aabn | a|a d

040 ## - CATALOGING SOURCE

  • Original cataloging agency: AM-YEHGA

100 1# - HEADING--PERSONAL NAME

  • Personal name: Խաչիկյան, Խաչիկ Մարտինի,
  • Dates associated with a name: 1960-

400 1# - SEE FROM TRACING--PERSONAL NAME

  • Personal name: Хачикян, Хачик Мартынович,
  • Dates associated with a name: 1960-

400 1# - SEE FROM TRACING--PERSONAL NAME

  • Personal name: Хачикян, Хачик Мартинович,
  • Dates associated with a name: 1960-

400 1# - SEE FROM TRACING--PERSONAL NAME

  • Personal name: Khachikyan, Khachik,
  • Dates associated with a name: 1960-

670 ## - SOURCE DATA FOUND

  • Source citation: Ով ով է. հայեր: Կենսագրական հանրագիտարան, հտ. 1, 2005
  • Information found: էջ 510 (Խաչիկյան Խաչիկ Մարտինի (ծ. 15.6.1960, Երևան), մաշկավեներաբան)։
  • Uniform Resource Identifier: <a href=" http://ru.hayazg.info/%D0%A5%D0%B0%D1%87%D0%B8%D0%BA%D1%8F%D0%BD_%D0%A5%D0%B0%D1%87%D0%B8%D0%BA_%D0%9C%D0%B0%D1%80%D1%82%D1%8B%D0%BD%D0%BE%D0%B2%D0%B8%D1%87"target="_blank">Армянская энциклопедия фонда "Хайазг"</a>


ՀՀ ԳԱԱ հիմնարար գիտական գրադարան
ՀՀ,Երևան 0019
Մարշալ Բաղրամյան 24/6
հեռախոս:(374-10) 52-47-50
Հետադարձ կապ

All site content, except where otherwise noted, is licensed under a
Creative Commons License